Upkar's Bank Probationary Officers Management Trainees Common Written Exam (Record no. 14534)
[ view plain ]
| 000 -LEADER | |
|---|---|
| fixed length control field | 00301nam a22001097a 4500 |
| 020 ## - INTERNATIONAL STANDARD BOOK NUMBER | |
| ISBN | 9788174821515 |
| 082 ## - DEWEY DECIMAL CLASSIFICATION NUMBER | |
| Classification number | 658 |
| Item number | JAI/UP |
| 100 ## - MAIN ENTRY--AUTHOR NAME | |
| Personal name | Jain,T.S |
| 245 ## - TITLE STATEMENT | |
| Title | Upkar's Bank Probationary Officers Management Trainees Common Written Exam |
| 260 ## - PUBLICATION, DISTRIBUTION, ETC. (IMPRINT) | |
| Place of publication | Agra- 2 |
| Name of publisher | Upkar Prakashan |
| Year of publication | 2014 |
| 942 ## - ADDED ENTRY ELEMENTS (KOHA) | |
| Koha item type | Reference |
| Withdrawn status | Lost status | Damaged status | Collection code | Home library | Current library | Shelving location | Date acquired | Source of acquisition | Cost, normal purchase price | Full call number | Accession Number | Koha item type |
|---|---|---|---|---|---|---|---|---|---|---|---|---|
| Reference | KAUAET | KAUAET | General Stacks | 14/07/2016 | Professional Book Centre, Kochin. | 415.00 | 658 JAI/UP | 24224 | Books |
